000 00610nam a2200193 a 4500
001 000041853
005 20201002035807.0
008 131018s1969 sp 000 0 spa d
040 _aDO-SdBNP
_bspa
_cBNPHU
082 _axxxxx
_bxxxxx
100 1 _aShakespeare, William
_960053
245 1 3 _aLa vida del rey Enrique V. /
_cWilliam Shakespeare.
260 _aMadrid :
_bEspasa -Calpe,
_c1969.
300 _a216 p. ;
_c18 cm.
490 1 _aAustral
_v1419
500 _aIncluye índice de autores
504 _aIncluye referencias bibliográficas y notas al pie de las páginas
830 0 _aAustral
_n1419
_968735
999 _c41342
_d41342